| 000 | 00984nam a22003017a 4500 | ||
|---|---|---|---|
| 001 | 0054710 | ||
| 003 | KOHA_MİRAKIL | ||
| 005 | 20260207003954.0 | ||
| 007 | ta | ||
| 008 | 160527b1991 tu |||gr||||#||||0|tur | | ||
| 020 | _a9757555282 | ||
| 040 |
_aTR-BiSEU _btur _cTR-BiSEU _erda |
||
| 041 | 0 | _atur | |
| 044 | _ctu | ||
| 050 |
_aDS51.D64 _bC48 1991 |
||
| 100 | 1 | _aCevizoğlu, Hüseyin. | |
| 245 | 1 |
_aCoğrafyadan tarihe Türk tarihi içinde Doğu Anadolu/ _cHüseyin Cevizoğlu ; Hüseyin Cevizoğlu. |
|
| 264 | 1 |
_aİstanbul : _bTürkiye Stratejik Araştırmalar ve Eğitim Merkezi _c1991 |
|
| 300 | _a180 sayfa: resimli; 27 cm. | ||
| 336 |
_ametin _btxt _2rdacontent |
||
| 337 |
_aaracısız _bn _2rdamedia |
||
| 338 |
_acilt _bnc _2rdacarrier |
||
| 650 | 0 |
_aTurkey, Eastern--History _921012 |
|
| 650 | 0 |
_aTurkey, Eastern--Description and travel _9101614 |
|
| 650 | 0 |
_aTürkiye, Dogu--Tarih _9101615 |
|
| 650 | 0 |
_aTürkiye Doğu--Seyahat _9101616 |
|
| 942 |
_2lcc _cBK |
||
| 999 |
_c54518 _d54518 |
||